<?xml version="1.0" encoding="UTF-8"?>
<record
    xmlns:xsi="http://www.w3.org/2001/XMLSchema-instance"
    xsi:schemaLocation="http://www.loc.gov/MARC21/slim http://www.loc.gov/standards/marcxml/schema/MARC21slim.xsd"
    xmlns="http://www.loc.gov/MARC21/slim">

  <leader>00361nam a22001577a 4500</leader>
  <controlfield tag="003">SGT</controlfield>
  <datafield tag="020" ind1=" " ind2=" ">
    <subfield code="a">978-93-5129042-1</subfield>
  </datafield>
  <datafield tag="082" ind1=" " ind2=" ">
    <subfield code="a">616.07</subfield>
    <subfield code="b">B13B</subfield>
  </datafield>
  <datafield tag="100" ind1=" " ind2=" ">
    <subfield code="a">BHARDWAJ, J.R,ED.</subfield>
  </datafield>
  <datafield tag="245" ind1=" " ind2=" ">
    <subfield code="a">BOYD'S TEXTBOOK OF PATHOLOGY-2</subfield>
  </datafield>
  <datafield tag="250" ind1=" " ind2=" ">
    <subfield code="a">10TH</subfield>
  </datafield>
  <datafield tag="260" ind1=" " ind2=" ">
    <subfield code="a">NEW DELHI</subfield>
    <subfield code="b">WALTERS KLUWER PUB</subfield>
    <subfield code="c">2013</subfield>
  </datafield>
  <datafield tag="300" ind1=" " ind2=" ">
    <subfield code="a">1815+I51</subfield>
  </datafield>
  <datafield tag="650" ind1=" " ind2=" ">
    <subfield code="a">AYURVEDA</subfield>
  </datafield>
  <datafield tag="942" ind1=" " ind2=" ">
    <subfield code="2">ddc</subfield>
    <subfield code="c">BK</subfield>
  </datafield>
  <datafield tag="952" ind1=" " ind2=" ">
    <subfield code="0">0</subfield>
    <subfield code="1">0</subfield>
    <subfield code="2">ddc</subfield>
    <subfield code="4">0</subfield>
    <subfield code="5">1</subfield>
    <subfield code="7">0</subfield>
    <subfield code="8">FA</subfield>
    <subfield code="a">APL</subfield>
    <subfield code="b">APL</subfield>
    <subfield code="c">REF</subfield>
    <subfield code="d">2017-03-27</subfield>
    <subfield code="e">AHUJA PUB</subfield>
    <subfield code="g">1995.00</subfield>
    <subfield code="h">2</subfield>
    <subfield code="i">SGTU</subfield>
    <subfield code="o">616.07 B13B</subfield>
    <subfield code="p">FA5603</subfield>
    <subfield code="r">2017-03-27 00:00:00</subfield>
    <subfield code="w">2017-02-11</subfield>
    <subfield code="y">BK</subfield>
    <subfield code="k">7718</subfield>
  </datafield>
  <datafield tag="952" ind1=" " ind2=" ">
    <subfield code="0">0</subfield>
    <subfield code="1">0</subfield>
    <subfield code="2">ddc</subfield>
    <subfield code="4">0</subfield>
    <subfield code="5">1</subfield>
    <subfield code="7">0</subfield>
    <subfield code="8">FA</subfield>
    <subfield code="a">APL</subfield>
    <subfield code="b">APL</subfield>
    <subfield code="c">REF</subfield>
    <subfield code="d">2017-03-27</subfield>
    <subfield code="e">AHUJA PUB</subfield>
    <subfield code="g">1995.00</subfield>
    <subfield code="h">2</subfield>
    <subfield code="i">SGTU</subfield>
    <subfield code="o">616.07 B13B</subfield>
    <subfield code="p">FA5604</subfield>
    <subfield code="r">2017-03-27 00:00:00</subfield>
    <subfield code="w">2017-02-11</subfield>
    <subfield code="y">BK</subfield>
    <subfield code="k">7718</subfield>
  </datafield>
  <datafield tag="952" ind1=" " ind2=" ">
    <subfield code="0">0</subfield>
    <subfield code="1">0</subfield>
    <subfield code="2">ddc</subfield>
    <subfield code="4">0</subfield>
    <subfield code="5">1</subfield>
    <subfield code="7">0</subfield>
    <subfield code="8">FA</subfield>
    <subfield code="a">APL</subfield>
    <subfield code="b">APL</subfield>
    <subfield code="c">REF</subfield>
    <subfield code="d">2017-03-27</subfield>
    <subfield code="e">AHUJA PUB</subfield>
    <subfield code="g">1995.00</subfield>
    <subfield code="h">2</subfield>
    <subfield code="i">SGTU</subfield>
    <subfield code="o">616.07 B13B</subfield>
    <subfield code="p">FA5605</subfield>
    <subfield code="r">2017-03-27 00:00:00</subfield>
    <subfield code="w">2017-02-11</subfield>
    <subfield code="y">BK</subfield>
    <subfield code="k">7718</subfield>
  </datafield>
  <datafield tag="952" ind1=" " ind2=" ">
    <subfield code="0">0</subfield>
    <subfield code="1">0</subfield>
    <subfield code="2">ddc</subfield>
    <subfield code="4">0</subfield>
    <subfield code="5">1</subfield>
    <subfield code="7">0</subfield>
    <subfield code="8">FA</subfield>
    <subfield code="a">APL</subfield>
    <subfield code="b">APL</subfield>
    <subfield code="c">REF</subfield>
    <subfield code="d">2017-03-27</subfield>
    <subfield code="e">AHUJA PUB</subfield>
    <subfield code="g">1995.00</subfield>
    <subfield code="h">1</subfield>
    <subfield code="i">SGTU</subfield>
    <subfield code="o">616.07 B13B</subfield>
    <subfield code="p">FA5606</subfield>
    <subfield code="r">2017-03-27 00:00:00</subfield>
    <subfield code="w">2017-02-11</subfield>
    <subfield code="y">BK</subfield>
    <subfield code="k">7718</subfield>
  </datafield>
  <datafield tag="952" ind1=" " ind2=" ">
    <subfield code="0">0</subfield>
    <subfield code="1">0</subfield>
    <subfield code="2">ddc</subfield>
    <subfield code="4">0</subfield>
    <subfield code="5">1</subfield>
    <subfield code="7">0</subfield>
    <subfield code="8">FA</subfield>
    <subfield code="a">APL</subfield>
    <subfield code="b">APL</subfield>
    <subfield code="c">REF</subfield>
    <subfield code="d">2017-03-27</subfield>
    <subfield code="e">AHUJA PUB</subfield>
    <subfield code="g">1995.00</subfield>
    <subfield code="h">1</subfield>
    <subfield code="i">SGTU</subfield>
    <subfield code="o">616.07 B13B</subfield>
    <subfield code="p">FA5607</subfield>
    <subfield code="r">2017-03-27 00:00:00</subfield>
    <subfield code="w">2017-02-11</subfield>
    <subfield code="y">BK</subfield>
    <subfield code="k">7718</subfield>
  </datafield>
  <datafield tag="952" ind1=" " ind2=" ">
    <subfield code="0">0</subfield>
    <subfield code="1">0</subfield>
    <subfield code="2">ddc</subfield>
    <subfield code="4">0</subfield>
    <subfield code="5">1</subfield>
    <subfield code="7">0</subfield>
    <subfield code="8">FA</subfield>
    <subfield code="a">APL</subfield>
    <subfield code="b">APL</subfield>
    <subfield code="c">REF</subfield>
    <subfield code="d">2017-03-27</subfield>
    <subfield code="e">AHUJA PUB</subfield>
    <subfield code="g">1995.00</subfield>
    <subfield code="h">1</subfield>
    <subfield code="i">SGTU</subfield>
    <subfield code="o">616.07 B13B</subfield>
    <subfield code="p">FA5608</subfield>
    <subfield code="r">2017-03-27 00:00:00</subfield>
    <subfield code="w">2017-02-11</subfield>
    <subfield code="y">BK</subfield>
    <subfield code="k">7718</subfield>
  </datafield>
  <datafield tag="999" ind1=" " ind2=" ">
    <subfield code="c">11326</subfield>
    <subfield code="d">11326</subfield>
  </datafield>
</record>
